Les XI's des vainqueurs de l'euro #2 - Statistiques

Statistiques générales
  • Ce quiz a été pris 45 fois
  • Le résultat moyen est 22 sur 60
Statistiques - réponses
Equipes Postes Joueurs % Correct
- Milieu Zinedine Zidane
100%
- Gardien Fabien Barthez
97%
- Attaquant Thierry Henry
97%
- Milieu Didier Deschamps
92%
- Défenseur Lillian Thuram
92%
- Défenseur Laurent Blanc
90%
- Défenseur Marcel Desailly
90%
- Défenseur Bixente Lizarazu
87%
- Attaquant Michel Platini
87%
- Attaquant Youri Djorkaeff
82%
- Milieu Patrick Vieira
79%
- Attaquant Marco Van Basten
77%
- Attaquant Ruud Gullit
74%
- Attaquant Brian Laudrup
69%
- Milieu Alain Giresse
67%
- Milieu Jean Tigana
67%
- Gardien Peter Schmeichel
67%
- Attaquant Christophe Dugarry
62%
- Défenseur Frank Rijkaard
56%
- Milieu Luis Fernandez
56%
- Gardien Joel Bats
54%
France 2000 Entraineur Roger Lemerre
51%
- Défenseur Patrick Battiston
49%
France 1984 Entraineur Michel Hidalgo
44%
- Milieu Erwin Koeman
41%
- Attaquant Jurgen Klinsmann
41%
- Défenseur Matthias Sammer
41%
- Défenseur Ronald Koeman
41%
- Attaquant Bruno Bellone
28%
- Défenseur Maxime Bossis
28%
- Attaquant Bernard Lacombe
26%
- Défenseur Jean-François Domergue
23%
- Gardien Andreas Kopke
18%
- Attaquant Henrik Larsen
18%
Pays-bas 1988 Entraineur Rinus Michels
15%
- Défenseur Yvon Le Roux
13%
- Défenseur Christian Ziege
10%
- Défenseur Markus Babbel
10%
- Gardien Hans Van Breukelen
8%
- Milieu Mehmet Scholl
8%
- Milieu Thomas Hassler
8%
- Défenseur Adrie Van Tiggelen
5%
- Milieu Arnold Muhren
5%
- Défenseur Berry Van Aerle
5%
Allemagne 1996 Entraineur Berti Vogts
5%
- Attaquant Flemming Povlsen
5%
- Milieu Gerald Vanenburg
5%
- Milieu Jan Wouters
5%
- Défenseur Kent Nielsen
5%
- Milieu Kim Vilfort
5%
- Défenseur Lars Olsen
5%
Danemark 1992 Entraineur Richard Moller Nielsen
5%
- Défenseur Thomas Strunz
5%
- Milieu Dieter Eilts
3%
- Milieu John Jensen
3%
- Défenseur John Sivebaek
3%
- Défenseur Kim Christofte
3%
- Attaquant Stefan Kuntz
3%
- Défenseur Thomas Helmer
3%
- Défenseur Torben Piechnik
3%
Aucun quiz correspondant
Distribution des résultats
% des personnes avec chaque résultat
Percentile par nombre de réponses
Votre historique - résultats
Vous n’avez pas pris ce quiz